000
00342nam a22001457a 4500
008
230615b ||||| |||| 00| 0 eng d
020
_a
9780521340236
041
_a
eng
080
_a
61
082
_a
61DUT
100
_a
4
101
_a
MJKP
245
_a
WORSE THAN THE DISEASE PITFALLS OF MEDICAL PROGRESS
_c
DUTTON.B.D
942
_2
udc
_c
BK
999
_c
59977
_d
59977